000 00632nam a2200181Ia 4500
008 100920s9999 xx 000 0 und d
082 _b97474
_a--- न 06
100 _aक्रायटन मायकेल , अनु . जोगळेकर प्रमोद.
245 _aपे्र सावज.
260 _bमेहतापब्लिशिंग हाऊस. पुणे.
_c2006
300 _a364
_bसाधी
365 _b300
520 _aकादंबरी.
630 _aपे्र सावज.
650 _aकादंबरी.
730 _aपे्र सावज.
942 _cBOOK
999 _c737912
_d737909